C in a nutshell / (Record no. 297)

MARC details
000 -LEADER
fixed length control field 01401cam a2200409 a 4500
001 - CONTROL NUMBER
control field 4373634
005 - DATE AND TIME OF LATEST TRANSACTION
control field 20200421093826.0
008 - FIXED-LENGTH DATA ELEMENTS--GENERAL INFORMATION
fixed length control field 050829s2006 cc a 001 0 eng
010 ## - LIBRARY OF CONGRESS CONTROL NUMBER
LC control number 2006287888
015 ## - NATIONAL BIBLIOGRAPHY NUMBER
National bibliography number GBA582302
Source bnb
016 7# - NATIONAL BIBLIOGRAPHIC AGENCY CONTROL NUMBER
Record control number 013301729
Source Uk
020 ## - INTERNATIONAL STANDARD BOOK NUMBER
International Standard Book Number 9780596006976 (pbk.)
020 ## - INTERNATIONAL STANDARD BOOK NUMBER
International Standard Book Number 0596006977 (pbk.)
029 1# - OTHER SYSTEM CONTROL NUMBER (OCLC)
OCLC library identifier YDXCP
System control number 2261062
029 1# - OTHER SYSTEM CONTROL NUMBER (OCLC)
OCLC library identifier NZ1
System control number 10485792
029 1# - OTHER SYSTEM CONTROL NUMBER (OCLC)
OCLC library identifier AU@
System control number 000040126668
029 1# - OTHER SYSTEM CONTROL NUMBER (OCLC)
OCLC library identifier UNITY
System control number 093854994
029 1# - OTHER SYSTEM CONTROL NUMBER (OCLC)
OCLC library identifier UKCEL
System control number 0596006977
035 ## - SYSTEM CONTROL NUMBER
System control number (OCoLC)ocm61757169
035 ## - SYSTEM CONTROL NUMBER
System control number (OCoLC)61757169
040 ## - CATALOGING SOURCE
Original cataloging agency UKM
Transcribing agency UKM
Modifying agency BAKER
-- BGU
-- IXA
-- MOU
-- YDXCP
-- MUQ
-- BTCTA
-- DLC
-- GACCL
-- BTN
-- NLE
042 ## - AUTHENTICATION CODE
Authentication code ukblsr
049 ## - LOCAL HOLDINGS (OCLC)
Holding library NLES
050 00 - LIBRARY OF CONGRESS CALL NUMBER
Classification number QA76.73.C15
Item number P75 2006
082 04 - DEWEY DECIMAL CLASSIFICATION NUMBER
Classification number 005.133
Edition information 22
100 1# - MAIN ENTRY--PERSONAL NAME
Personal name Prinz, Peter.
9 (RLIN) 1438
245 10 - TITLE STATEMENT
Title C in a nutshell /
Statement of responsibility, etc. Peter Prinz and Tony Crawford.
260 ## - PUBLICATION, DISTRIBUTION, ETC.
Place of publication, distribution, etc. Beijing ;
-- Cambridge :
Name of publisher, distributor, etc. O'Reilly,
Date of publication, distribution, etc. c2006.
300 ## - PHYSICAL DESCRIPTION
Extent xvi, 600 p. :
Other physical details ill. ;
Dimensions 23 cm.
500 ## - GENERAL NOTE
General note "A desktop quick reference"--Cover.
500 ## - GENERAL NOTE
General note Includes index.
650 #0 - SUBJECT ADDED ENTRY--TOPICAL TERM
Topical term or geographic name entry element C (Computer program language)
Form subdivision Handbooks, manuals, etc.
9 (RLIN) 1439
700 1# - ADDED ENTRY--PERSONAL NAME
Personal name Crawford, Tony.
9 (RLIN) 1440
776 08 - ADDITIONAL PHYSICAL FORM ENTRY
Relationship information Online version:
Main entry heading Prinz, Peter.
Title C in a nutshell.
Place, publisher, and date of publication Sebastopol, Calif. ; Farnham : O'Reilly, 2005, c2006
Record control number (OCoLC)607650646
856 41 - ELECTRONIC LOCATION AND ACCESS
Materials specified Table of contents only
Uniform Resource Identifier <a href="http://www.loc.gov/catdir/toc/fy0708/2006287888.html">http://www.loc.gov/catdir/toc/fy0708/2006287888.html</a>
942 ## - ADDED ENTRY ELEMENTS (KOHA)
Source of classification or shelving scheme Dewey Decimal Classification
Koha item type Books
Holdings
Withdrawn status Lost status Damaged status Not for loan Collection Home library Current library Shelving location Date acquired Barcode Date last seen Price effective from Koha item type
        Reference Midway Midway General stacks 09/04/2014 39999000013115 09/04/2014 09/04/2014 Books